Nemecké odborné texty pre poslucháčov VŠE

Gespeichert in:
Bibliographische Detailangaben
1. Verfasser: Ondrčková, Eva
Körperschaft: Vysoká škola ekonomická v Bratislave. Obchodná fakulta
Weitere Verfasser: Strelingerová, Jiřina
Format: Buch
Sprache:Slowakisch
Veröffentlicht: Bratislava VŠE 1979
Ausgabe:2. vyd.
Tags: Tag hinzufügen
Keine Tags, Fügen Sie das erste Tag hinzu!

MARC

LEADER 00000nam a2200000 4500
001 0222777
005 20240822101702.0
041 0 |a slo 
044 |a SK 
245 1 0 |a Nemecké odborné texty pre poslucháčov VŠE  |c Eva Ondrčková, Jiřina Strelingerová 
250 |a 2. vyd. 
264 1 |a Bratislava  |b VŠE  |c 1979 
300 |a 146 s. 
100 1 |a Ondrčková, Eva 
700 1 |a Strelingerová, Jiřina 
710 2 |a Vysoká škola ekonomická v Bratislave. Obchodná fakulta